000 00512pab a2200181 454500
008 180718b2006 xxu||||| |||| 00| 0 eng d
100 _aPentecost, Eric J.
245 _aFinancial liberalization in India and a new test of the complementarity hypothesis
260 _c2006
300 _ap.487-502.
362 _aJan
650 _aLiberalization - India
650 _aFinance - India
650 _aFinance
700 _aMoore, Tomoe
773 _aEconomic Development and Cultural Change
909 _a71184
999 _c71184
_d71184